The curse of Lono

Αποθηκεύτηκε σε:
Λεπτομέρειες βιβλιογραφικής εγγραφής
Κύριος συγγραφέας: Thompson, Hunter S.
Άλλοι συγγραφείς: Steadman, Ralph
Μορφή: Βιβλίο
Γλώσσα:English
Δημοσίευση: Koln : Taschen, c2005
Θέματα:
Ετικέτες: Προσθήκη ετικέτας
Δεν υπάρχουν, Καταχωρήστε ετικέτα πρώτοι!

MARC

LEADER 00000nam a2200000 i 4500
001 1/84830
008 080514s2005 eng d
020 |a 3-8228-4897-2 
035 |l 10097278 
040 |a GR-MY-UA  |b gre  |e aacr 
041 0 |a eng 
082 0 |a 919.69  |2 (22) 
100 1 |a Thompson, Hunter S. 
245 1 4 |a The curse of Lono /  |c by Hunter S. Thompson and Ralph Steadman 
260 |a Koln :   |b Taschen,   |c c2005 
300 |a 205 σ.;  |b εικ. (μερ. έγχρ.);  |c 38 εκ. 
650 0 0 |a Journalists  |z Unites States  |x Biography. 
651 0 |a Hawaii  |x Description and travel. 
700 1 |a Steadman, Ralph. 
852 |a INST  |b SYROS  |e 20080514  |h 919.69 THO  |p 005500005985  |q 005500005985  |t BK  |y 0 
901 |a BIBL5-2008-2 
909 |a Ε  |b 142330 
922 |a 5ΕΛΗ  |b 200712  |c ΕΠΕΑΕΚ2/ΤΜΣΠΣ  |d ΠΑΠΑΣΩΤΗΡΙΟΥ 
970 |a ΚΟΝΤΟΥ  |b ΠΑΡΑΣΚΕΥΗ  |z 2008/05/14